000 00708cab a2200217 4500
001 ABS41879
008 090401t1989 xxu||||| |||| 00| 0 eng d
035 _a(Sirsi) u33213
041 _aeng
100 _aVan den Bos, J.
245 _aMake way for Madrid
260 _c1989
350 _a0
490 _aWorld Property
_vDecember 1989 35-41(6)
520 _aIdentifies the problems in buying property in Madrid and Lisbon now Spain and Portugal are in the EC, with little space available in the Spanish capital and the Portuguese determined to take up space in their city themselves.
650 _aMARKET
650 _aOFFICES
690 _aOVERSEAS-EUROPE
942 _n0
948 _c04/03/1997
999 _c22202
_d22202